Mathematical systems theory <an> international journal
Na minha lista:
| Formato: | Periódico |
|---|---|
| Idioma: | inglês |
| Publicado em: |
New York
Springer
|
| Tags: |
Sem tags, seja o primeiro a adicionar uma tag!
|
MARC
| LEADER | 00000nas1a22000001 4500 | ||
|---|---|---|---|
| 001 | s120504 | ||
| 005 | 20041019155346.0 | ||
| 022 | |a 0025-5661 | ||
| 041 | 0 | |a eng | |
| 044 | |a US | ||
| 245 | 1 | 0 | |a Mathematical systems theory |b <an> international journal |
| 264 | 1 | |a New York |b Springer | |
| 500 | |a ISSN prevzaté zo SKK-P UKB. | ||